[Event "OL-NORD WEST 1617 Post VSV Uelzen - SV"]
[Site "?"]
[Date "2017.02.19"]
[Round "6.7"]
[White "zur Lage, Julian"]
[Black "Untiedt, Jan Niklas"]
[Result "1-0"]
[WhiteElo "2118"]
[BlackElo "1937"]
[PlyCount "63"]
[EventDate "2017.??.??"]

1. d4 d5 2. Nf3 Nf6 3. c4 e6 4. g3 Bd6 5. Bg2 O-O 6. O-O c6 7. Qc2 Nbd7 8. Rd1
Qc7 9. c5 Be7 10. Bf4 Qd8 11. Nc3 Re8 12. b4 Bf8 13. b5 Nh5 14. Bc1 e5 15. bxc6
bxc6 16. Ng5 Nhf6 17. Nxd5 g6 18. Nb4 Bb7 19. dxe5 Rxe5 20. Nd3 Re7 21. Rb1 Ba6
22. Nb4 Bxe2 23. Nxc6 Bxd1 24. Qxd1 Qc8 25. Nxe7+ Bxe7 26. Bb7 Qe8 27. c6 Nb6
28. Bxa8 Qxa8 29. Qf3 Nbd5 30. c7 Nxc7 31. Qxa8+ Nxa8 32. Rb8+ 1-0

[Event "OL-NORD WEST 1617 Post VSV Uelzen - SV"]
[Site "?"]
[Date "2017.02.19"]
[Round "6.8"]
[White "Cohrs, Joerg-Artur"]
[Black "Weist, Thorben"]
[Result "0-1"]
[WhiteElo "1951"]
[BlackElo "1979"]
[PlyCount "122"]
[EventDate "2017.??.??"]

1. e4 c5 2. Nc3 Nc6 3. Nge2 g6 4. g3 Bg7 5. Bg2 e6 6. O-O d6 7. d3 Nge7 8. Be3
Nd4 9. Qd2 O-O 10. Nf4 Rb8 11. a4 a6 12. Rfb1 Nec6 13. Nce2 b5 14. axb5 axb5
15. Nc1 b4 16. c3 Nb5 17. Nce2 Qf6 18. Rc1 Bb7 19. Nh3 e5 20. f4 Ra8 21. Rxa8
Rxa8 22. f5 Qe7 23. Rf1 Ra2 24. g4 bxc3 25. Nxc3 Nxc3 26. Qxc3 Nd4 27. Bxd4
exd4 28. Qb3 Ra7 29. fxg6 hxg6 30. Nf4 Kh7 31. Rf3 Ra1+ 32. Bf1 Bh6 33. Nh3
Be3+ 34. Kg2 Kg7 35. Nf4 Bxf4 36. Rxf4 d5 37. exd5 Qe5 38. Rxf7+ Kxf7 39. Qxb7+
Qe7 40. Qb6 Ra7 41. d6 Qb7+ 42. Qxb7+ Rxb7 43. Kg3 Rxb2 44. Bg2 Ke6 45. h4 Kxd6
46. Be4 Rb3 47. Kf4 c4 48. dxc4 Rh3 49. Kg5 d3 50. Bxg6 d2 51. Bc2 Rc3 52. Bd1
Rxc4 53. Kg6 Ke7 54. Kg7 Rc1 55. Be2 Re1 56. Bf3 d1=Q 57. Bxd1 Rxd1 58. h5 Rg1
59. h6 Rxg4+ 60. Kh8 Kf6 61. Kh7 Rh4 0-1

[Event "OL-NORD WEST 1617 Delmenhorster SK - No"]
[Site "?"]
[Date "2017.02.19"]
[Round "6.1"]
[White "Kollen, Zyon"]
[Black "Kuegel, Tobias"]
[Result "1/2-1/2"]
[WhiteElo "2325"]
[BlackElo "2275"]
[PlyCount "71"]
[EventDate "2017.??.??"]

1. e4 e5 2. Nf3 Nc6 3. Bb5 a6 4. Ba4 Nf6 5. O-O Be7 6. Re1 b5 7. Bb3 O-O 8. h3
Bb7 9. c3 d5 10. d4 dxe4 11. Nxe5 Nxe5 12. dxe5 Nd7 13. e6 Nc5 14. exf7+ Kh8
15. Nd2 Nxb3 16. Nxb3 Rxf7 17. Be3 Bd6 18. Na5 Bd5 19. Qd2 c6 20. c4 bxc4 21.
Rec1 Be5 22. Nxc4 Bxc4 23. Qxd8+ Rxd8 24. Rxc4 Rfd7 25. Kf1 h6 26. Rxc6 Bxb2
27. Re1 Rd3 28. g3 Ra3 29. Re2 Bd4 30. Bc1 Rc3 31. Rxc3 Bxc3 32. Kg2 Rd4 33.
Rc2 Rd3 34. a4 Kg8 35. Be3 Kf7 36. Kf1 {(=)} 1/2-1/2

[Event "OL-NORD WEST 1617 Delmenhorster SK - No"]
[Site "?"]
[Date "2017.02.19"]
[Round "6.2"]
[White "Hoeffer, David"]
[Black "Kroeze, Frank M"]
[Result "1-0"]
[WhiteElo "2298"]
[BlackElo "2396"]
[PlyCount "93"]
[EventDate "2017.??.??"]

1. d4 f5 2. Qd3 d5 3. g4 fxg4 4. h3 Nf6 5. hxg4 Bxg4 6. Bh3 Qd7 7. Bxg4 Qxg4 8.
Nf3 Nc6 9. Rh4 Qd7 10. Ne5 Nxe5 11. dxe5 Ne4 12. Be3 e6 13. Nd2 Nxd2 14. Kxd2
g6 15. Rah1 O-O-O 16. Kd1 Qf7 17. Bxa7 Be7 18. R4h3 d4 19. Qc4 Rd5 20. Bb6 Bd8
21. Ra3 Kd7 22. Ra7 Qf4 23. Rxb7 Qxe5 24. Qa4+ Ke7 25. Rh4 g5 26. Rxd4 Qe4 27.
f3 Rxd4+ 28. Bxd4 Qxb7 29. Bxh8 Qd5+ 30. Ke1 h5 31. e4 Qd6 32. e5 Qb6 33. Bf6+
Kf8 34. Qa3+ Ke8 35. Bxd8 Qg1+ 36. Ke2 Qg2+ 37. Ke3 Qg1+ 38. Ke4 Qe1+ 39. Qe3
Qb4+ 40. Qd4 Qe1+ 41. Qe3 Qb4+ 42. Kd3 Qb5+ 43. c4 Qxb2 44. Bxg5 Qb1+ 45. Kd4
Qxa2 46. Qd2 Qb1 47. Ke3 1-0

[Event "OL-NORD WEST 1617 Delmenhorster SK - No"]
[Site "?"]
[Date "2017.02.19"]
[Round "6.3"]
[White "Schulz, Jens"]
[Black "Mossakowski, Florian"]
[Result "1/2-1/2"]
[WhiteElo "2180"]
[BlackElo "2309"]
[PlyCount "39"]
[EventDate "2017.??.??"]

1. e4 c5 2. Nf3 Nc6 3. d4 cxd4 4. Nxd4 Nf6 5. Nc3 e5 6. Ndb5 d6 7. Bg5 a6 8.
Na3 b5 9. Nd5 Be7 10. Bxf6 Bxf6 11. c3 O-O 12. g3 Bb7 13. Bg2 Bg5 14. O-O Ne7
15. Nxe7+ Qxe7 16. Nc2 a5 17. Qd3 Bc6 18. f4 Bh6 19. Ne3 g6 20. Rad1 {(=)}
1/2-1/2

[Event "OL-NORD WEST 1617 Delmenhorster SK - No"]
[Site "?"]
[Date "2017.02.19"]
[Round "6.4"]
[White "Hedke, Fred"]
[Black "Oehne, Timo"]
[Result "1-0"]
[WhiteElo "2283"]
[BlackElo "2140"]
[PlyCount "73"]
[EventDate "2017.??.??"]

1. e4 c5 2. Nf3 Nc6 3. c3 d5 4. exd5 Qxd5 5. d4 g6 6. Be2 Bg7 7. Be3 cxd4 8.
cxd4 Bg4 9. Nc3 Qa5 10. h3 Bf5 11. O-O Nf6 12. Bc4 O-O 13. a3 Ne4 14. Ne2 Rad8
15. b4 Qc7 16. Rc1 Qd7 17. Bb5 Qd5 18. Bxc6 bxc6 19. Nc3 Nxc3 20. Rxc3 Be4 21.
Ng5 Bf5 22. Rc5 Qa2 23. Qc1 Bd3 24. Rd1 Bb5 25. Rd2 Qb3 26. d5 a6 27. dxc6 Rxd2
28. Qxd2 h6 29. c7 hxg5 30. c8=Q Rxc8 31. Rxc8+ Kh7 32. Bxg5 Qb1+ 33. Rc1 Qf5
34. Bxe7 Bh6 35. Qd8 Bg7 36. Bg5 Be5 37. Rc8 1-0

[Event "OL-NORD WEST 1617 Delmenhorster SK - No"]
[Site "?"]
[Date "2017.02.19"]
[Round "6.5"]
[White "Baisakow, Alexander"]
[Black "Steingraeber, Kai Uwe"]
[Result "1-0"]
[WhiteElo "2164"]
[BlackElo "2118"]
[PlyCount "69"]
[EventDate "2017.??.??"]

1. e4 c5 2. Nf3 e6 3. d4 cxd4 4. Nxd4 Nc6 5. c3 Nf6 6. Bd3 d5 7. exd5 Qxd5 8.
O-O Nxd4 9. cxd4 Bd7 10. Nc3 Qxd4 11. Qe2 a6 12. Rd1 Qg4 13. f3 Bc5+ 14. Kh1
Qh4 15. Ne4 Nxe4 16. Bxe4 Bb5 17. Qc2 Bd6 18. f4 O-O 19. g3 Qe7 20. Bxh7+ Kh8
21. Be4 f5 22. Bg2 Rac8 23. Qf2 Bc5 24. Be3 Bxe3 25. Qxe3 Rc2 26. a4 Bc6 27.
Bxc6 Rxc6 28. Rd4 Rc2 29. Rad1 b5 30. Qf3 Rxb2 31. Qh5+ Kg8 32. Rd7 Qf6 33. Rc7
Rd8 34. Rxd8+ Qxd8 35. Qf7+ 1-0

[Event "OL-NORD WEST 1617 Delmenhorster SK - No"]
[Site "?"]
[Date "2017.02.19"]
[Round "6.6"]
[White "Margraf, Daniel"]
[Black "Bierenbroodspot, Paul"]
[Result "1-0"]
[WhiteElo "2141"]
[BlackElo "2093"]
[PlyCount "121"]
[EventDate "2017.??.??"]

1. e4 d5 2. Nc3 d4 3. Nce2 e5 4. Ng3 Be6 5. Nf3 f6 6. Bb5+ Nd7 7. Qe2 g6 8. c3
c5 9. O-O Qe7 10. Bc4 Qf7 11. Bxe6 Qxe6 12. d3 Nh6 13. a4 Bg7 14. Nd2 O-O 15.
Nc4 b6 16. f4 exf4 17. Bxf4 Ne5 18. Nxe5 fxe5 19. Bg5 Rxf1+ 20. Nxf1 Qg4 21.
Qxg4 Nxg4 22. h3 Nf6 23. cxd4 exd4 24. Nd2 Nd7 25. Nc4 Ne5 26. Nxe5 Bxe5 27.
Rc1 Kf7 28. Kf2 Ke6 29. Ke2 Rf8 30. Bh4 Kd6 31. Bf2 Rf7 32. Rc4 a5 33. Rc1 Kc6
34. b3 Kd7 35. Rf1 Kc6 36. Be1 Rxf1 37. Kxf1 Kd7 38. Ke2 Ke6 39. Kf3 Bf6 40.
Bg3 Be5 41. Bf4 Kf6 42. Bh6 Bc7 43. Kg4 Ke6 44. h4 Bd8 45. h5 Kf7 46. Bf4 Ke6
47. Bb8 Kd7 48. Bg3 Ke6 49. hxg6 hxg6 50. Bb8 Kd7 51. Kf4 Kc6 52. Ke5 Bh4 53.
Ke6 Bg5 54. Bd6 Be3 55. g3 g5 56. g4 Bc1 57. Be7 Be3 58. Bd6 Bd2 59. e5 b5 60.
axb5+ Kxb5 61. Kd5 1-0

[Event "OL-NORD WEST 1617 Delmenhorster SK - No"]
[Site "?"]
[Date "2017.02.19"]
[Round "6.7"]
[White "Hoellmann, Ludger"]
[Black "Thimm, Torsten"]
[Result "0-1"]
[WhiteElo "2051"]
[BlackElo "2055"]
[PlyCount "68"]
[EventDate "2017.??.??"]

1. Nf3 Nf6 2. c4 e6 3. g3 b6 4. Bg2 Bb7 5. O-O Be7 6. Nc3 c5 7. d4 cxd4 8. Qxd4
Nc6 9. Qf4 d6 10. Rd1 O-O 11. b3 Rc8 12. Bb2 a6 13. Rac1 Nb8 14. e4 e5 15. Qe3
Nbd7 16. Bh3 Rc7 17. Ba3 Nc5 18. Nxe5 Ncxe4 19. Nxe4 Nxe4 20. Bg2 Qa8 21. Nd3
Re8 22. Qxb6 Bd8 23. Bxe4 Bxe4 24. Qxd6 Rc6 25. Qd7 Bg5 26. f4 Bf6 27. Nf2 Bf3
28. Rd6 Rd8 29. Qf5 Rcxd6 30. Bxd6 Rxd6 31. c5 Rd2 32. c6 Bxc6 33. Ne4 Bd4+ 34.
Kf1 g6 {ZÜ} 0-1

[Event "OL-NORD WEST 1617 Delmenhorster SK - No"]
[Site "?"]
[Date "2017.02.19"]
[Round "6.8"]
[White "Grebener, Soeren"]
[Black "Stotyn, Fabian"]
[Result "1-0"]
[WhiteElo "2019"]
[BlackElo "2188"]
[PlyCount "95"]
[EventDate "2017.??.??"]

1. e4 e6 2. d4 d5 3. exd5 exd5 4. Bd3 Bd6 5. Nf3 Ne7 6. O-O Nbc6 7. c3 Bg4 8.
Re1 Qd7 9. Nbd2 O-O-O 10. b4 Ng6 11. Nf1 Rde8 12. Ne3 Be6 13. a4 Nf4 14. Bf1 g5
15. a5 h5 16. b5 Nb8 17. Ba3 Bxa3 18. Rxa3 f6 19. Qb1 h4 20. b6 cxb6 21. Nd2
Qd6 22. Qc1 bxa5 23. c4 Nc6 24. cxd5 Bxd5 25. Rxa5 Kb8 26. Ra4 Rc8 27. Qa1 g4
28. Ndc4 Qc7 29. Rb1 Qe7 30. Na5 Nxa5 31. Rxa5 Be4 32. Rxa7 h3 33. Ra8+ Kc7 34.
Rc1+ Kd7 35. Bb5+ Bc6 36. Bxc6+ Rxc6 37. Rxc6 Rxa8 38. Qxa8 Kxc6 39. Qa4+ Kc7
40. g3 Ne2+ 41. Kf1 Nxg3+ 42. hxg3 Kb8 43. d5 Qe5 44. Qxg4 Qa1+ 45. Qd1 Qa6+
46. Kg1 b5 47. d6 Kc8 48. Qc2+ 1-0

[Event "OL-NORD WEST 1617 SF Hannover - Hannove"]
[Site "?"]
[Date "2017.02.19"]
[Round "6.1"]
[White "Izrailev, Alexander"]
[Black "Schirm, Friedmar"]
[Result "1-0"]
[WhiteElo "2250"]
[BlackElo "2231"]
[PlyCount "107"]
[EventDate "2017.??.??"]

1. e4 Nf6 2. e5 Nd5 3. d4 d6 4. exd6 cxd6 5. c4 Nf6 6. Nc3 g6 7. Bg5 Bg7 8. Qd2
O-O 9. Bh6 Nc6 10. O-O-O Qa5 11. f3 b5 12. Bxg7 Kxg7 13. cxb5 Nb4 14. Bc4 d5
15. Bb3 Bf5 16. g4 Bd3 17. Qe3 Bxb5 18. Nxb5 Qxb5 19. Ne2 a5 20. Nc3 Qd7 21.
Na4 Nxa2+ 22. Kb1 Nb4 23. Nb6 Qa7 24. Nxa8 a4 25. Ba2 Rxa8 26. Rhe1 e6 27. Rc1
a3 28. b3 Qb6 29. Rc3 Nc6 30. Rd1 Rb8 31. Ka1 h5 32. gxh5 Nxh5 33. Rc5 e5 34.
dxe5 d4 35. Qc1 Nb4 36. Qc4 d3 37. Rc7 Nd5 38. Rxf7+ Kxf7 39. Qxd5+ Kg7 40.
Qxd3 Qf2 41. Qd7+ Kh8 42. Qd2 Qxd2 43. Rxd2 Re8 44. Re2 Nf4 45. Re4 Nd3 46. Bb1
Nc5 47. Re3 g5 48. b4 Na6 49. Re4 Rb8 50. e6 Kg7 51. e7 Kf7 52. Bc2 Re8 53.
Bb3+ Kf6 54. Re6+ 1-0

[Event "OL-NORD WEST 1617 SF Hannover - Hannove"]
[Site "?"]
[Date "2017.02.19"]
[Round "6.2"]
[White "Ackermann, Dennie"]
[Black "Bangiev, Alexander"]
[Result "1-0"]
[WhiteElo "2118"]
[BlackElo "2387"]
[PlyCount "59"]
[EventDate "2017.??.??"]

1. Nf3 d5 2. c4 e6 3. d4 c6 4. Qc2 f5 5. Bf4 Nf6 6. e3 Be7 7. Nc3 O-O 8. Bd3
Ne4 9. g4 Qa5 10. Ke2 Nd7 11. cxd5 Nxc3+ 12. bxc3 cxd5 13. gxf5 exf5 14. c4 Nf6
15. Rab1 Ne4 16. Rhc1 g5 17. Nxg5 Bxg5 18. Bxg5 Nxg5 19. Rg1 Kh8 20. Rxg5 Qd8
21. Rbg1 dxc4 22. Bxc4 Bd7 23. Qb3 Qc7 24. d5 Qe5 25. f4 Qf6 26. Qxb7 Rfd8 27.
d6 Rac8 28. Qxc8 Qxg5 29. Qxd7 Qh5+ 30. Kd3 1-0

[Event "OL-NORD WEST 1617 SF Hannover - Hannove"]
[Site "?"]
[Date "2017.02.19"]
[Round "6.3"]
[White "Piepho, Niels"]
[Black "Kaimer, Thomas"]
[Result "1-0"]
[WhiteElo "2237"]
[BlackElo "2185"]
[PlyCount "43"]
[EventDate "2017.??.??"]

1. Nf3 d5 2. g3 Nc6 3. c4 d4 4. d3 e5 5. Bg2 Bg4 6. h3 Bf5 7. a3 a5 8. Qa4 Bd7
9. O-O Be7 10. Nbd2 Nf6 11. Qc2 Qc8 12. Kh2 h5 13. Ne4 Nxe4 14. dxe4 f6 15. b3
Nd8 16. Nh4 Ne6 17. Ng6 Rh7 18. f4 exf4 19. gxf4 Bd6 20. e5 d3 21. Qxd3 Nxf4
22. Bxf4 1-0

[Event "OL-NORD WEST 1617 SF Hannover - Hannove"]
[Site "?"]
[Date "2017.02.19"]
[Round "6.4"]
[White "Liebau, Andreas"]
[Black "Helmer, Christoph"]
[Result "1/2-1/2"]
[WhiteElo "2236"]
[BlackElo "2127"]
[PlyCount "114"]
[EventDate "2017.??.??"]

1. d4 d5 2. Bf4 Nf6 3. e3 c5 4. c3 Nc6 5. Nd2 cxd4 6. exd4 g6 7. Ngf3 Bg7 8.
Be2 O-O 9. Ne5 Nxe5 10. Bxe5 b6 11. O-O Bb7 12. Re1 Qd7 13. a4 Bc6 14. a5 Bb5
15. Qb3 Bxe2 16. Rxe2 Qc6 17. a6 e6 18. Ra4 Rfc8 19. h3 Nd7 20. Bxg7 Kxg7 21.
Nb1 b5 22. Rb4 Qxa6 23. Na3 Rab8 24. Rxb5 Rxb5 25. Qxb5 Qxb5 26. Nxb5 a6 27.
Na3 Nb6 28. Nc2 a5 29. Ne1 Nc4 30. Nd3 Rb8 31. Kf1 Rb3 32. Rc2 a4 33. Ke2 a3
34. bxa3 Nxa3 35. Rc1 Nb5 36. Kd2 Nd6 37. f3 Nc4+ 38. Ke2 h5 39. Rc2 h4 40. Rc1
Ra3 41. Nb4 Kf6 42. Kf2 Kg5 43. Rc2 Ra1 44. Ra2 Rxa2+ 45. Nxa2 Kf4 46. Nc1 Nb2
47. Ne2+ Kf5 48. Ke3 Nc4+ 49. Kd3 f6 50. Nc1 g5 51. Ne2 Kg6 52. Nc1 f5 53. Ke2
Kf6 54. Nd3 f4 55. Nf2 Kf5 56. Ng4 Kg6 57. Kd3 Kf5 {(=)} 1/2-1/2

[Event "OL-NORD WEST 1617 SF Hannover - Hannove"]
[Site "?"]
[Date "2017.02.19"]
[Round "6.6"]
[White "Herrmann, Andreas"]
[Black "Meier-Hoffmann, Daniel"]
[Result "1/2-1/2"]
[WhiteElo "2168"]
[BlackElo "1971"]
[PlyCount "206"]
[EventDate "2017.??.??"]

1. d4 Nf6 2. Nf3 c5 3. c3 b6 4. Bf4 Bb7 5. e3 d6 6. Nbd2 Nbd7 7. h3 g6 8. Be2
Bg7 9. O-O O-O 10. a4 Re8 11. Bh2 a6 12. b4 cxb4 13. cxb4 Rc8 14. Qb3 Bd5 15.
Qb2 Nb8 16. Rfe1 Qc7 17. Rac1 Qb7 18. Bc4 b5 19. axb5 axb5 20. Bd3 Na6 21. Qa3
Rxc1 22. Rxc1 Bc6 23. Nb3 Bd7 24. e4 Ra8 25. Na5 Qb6 26. Nb3 Qb7 27. Re1 Nb8
28. Na5 Qb6 29. Bf4 Nc6 30. Bd2 Nxd4 31. Nxd4 Qxd4 32. Be3 Qe5 33. Qc1 Rc8 34.
Qb1 Ne8 35. f4 Qb2 36. Qxb2 Bxb2 37. Rb1 Bg7 38. Kf1 Rc3 39. Ke2 Kf8 40. Nb3 e6
41. e5 dxe5 42. Nc5 Bc6 43. Bd2 Ra3 44. fxe5 Bxe5 45. Rc1 Nc7 46. Be3 Ra2+ 47.
Kd1 Be8 48. Bh6+ Ke7 49. Ne4 Nd5 50. Rc5 Bd4 51. Rc8 Nxb4 52. Bf8+ Kxf8 53.
Bxb5 Nd5 54. Bxe8 Ne7 55. Rd8 Bb6 56. Rb8 Bc7 57. Rb7 Kxe8 58. Rxc7 Rxg2 59.
Nf6+ Kd8 60. Rd7+ Kc8 61. Rxe7 Rh2 62. Nxh7 Rxh3 63. Rxf7 e5 64. Ke2 Kd8 65.
Nf6 Rg3 66. Ne4 Ra3 67. Rg7 Rb3 68. Nc5 Rg3 69. Nd3 Ke8 70. Nxe5 Kf8 71. Rb7 g5
72. Kf2 Ra3 73. Nf3 g4 74. Ne5 g3+ 75. Kg2 Re3 76. Nf3 Re7 77. Rb8+ Kf7 78.
Kxg3 Ke6 79. Kf4 Rf7+ 80. Ke4 Kd6 81. Ne5 Rc7 82. Rb6+ Kc5 83. Rb1 Kd6 84. Ra1
Re7 85. Ra6+ Kc5 86. Rc6+ Kb5 87. Rc1 Re8 88. Rc7 Kb6 89. Rd7 Rc8 90. Kd4 Rc1
91. Nc4+ Kc6 92. Rd6+ Kc7 93. Rh6 Kd7 94. Nb6+ Kc7 95. Nd5+ Kd7 96. Rh7+ Ke6
97. Ne3 Ra1 98. Rh6+ Kf7 99. Rb6 Ra4+ 100. Ke5 Ra1 101. Nd5 Re1+ 102. Kf5 Rf1+
103. Nf4 Ke7 1/2-1/2

[Event "OL-NORD WEST 1617 SF Hannover - Hannove"]
[Site "?"]
[Date "2017.02.19"]
[Round "6.8"]
[White "Koelle, Arthur"]
[Black "Kiselev, Alexander"]
[Result "1-0"]
[WhiteElo "2197"]
[BlackElo "2114"]
[PlyCount "137"]
[EventDate "2017.??.??"]

1. e4 d5 2. exd5 Nf6 3. Bb5+ Bd7 4. Be2 Nxd5 5. d4 Bf5 6. Nf3 e6 7. O-O Be7 8.
a3 Nd7 9. c4 N5b6 10. Nc3 O-O 11. c5 Nd5 12. Nxd5 exd5 13. Qb3 b6 14. Qxd5 Be6
15. Qc6 Nf6 16. Bf4 Rc8 17. Rac1 Bd5 18. Qa4 Nh5 19. Be3 Kh8 20. Ne5 g6 21. Bc4
Bf6 22. Rfd1 Bxc4 23. Qxc4 Qe8 24. Bh6 Bg7 25. Bxg7+ Kxg7 26. Re1 Qd8 27. d5
Nf6 28. Rcd1 bxc5 29. Nc6 Qd6 30. Nxa7 Rce8 31. Rxe8 Rxe8 32. Nb5 Qxd5 33. Rxd5
Re1+ 34. Qf1 Rxf1+ 35. Kxf1 Nxd5 36. g3 Kf6 37. Ke2 Ke6 38. Kd3 c6 39. Nc3 f5
40. Kc4 Kd6 41. Na4 g5 42. Nxc5 h5 43. Kd4 Nb6 44. a4 Nc8 45. a5 h4 46. f3 hxg3
47. hxg3 Na7 48. Kc4 Nb5 49. a6 Na7 50. f4 gxf4 51. gxf4 Nb5 52. Nb3 Kc7 53.
Kc5 Nd6 54. Nd2 Nc8 55. Kd4 Kb6 56. Ke5 Ne7 57. Ke6 Nd5 58. Kxf5 Kxa6 59. Ke5
Kb5 60. f5 Ne7 61. f6 Ng6+ 62. Kd6 c5 63. f7 Kb4 64. Ne4 c4 65. Nd2 c3 66.
bxc3+ Kxc3 67. Nf3 Nf8 68. Ke7 Ng6+ 69. Ke8 1-0

[Event "OL-NORD WEST 1617 SV Werder Bremen - Un"]
[Site "?"]
[Date "2017.02.19"]
[Round "6.1"]
[White "Bredemeier, Dirk"]
[Black "Steffens, Olaf"]
[Result "1-0"]
[WhiteElo "2301"]
[BlackElo "2237"]
[PlyCount "87"]
[EventDate "2017.??.??"]

1. c4 b6 2. Nc3 Ba6 3. b3 g6 4. Bb2 Bg7 5. Nf3 e6 6. Qc2 Nf6 7. e3 d5 8. Be2
O-O 9. O-O c5 10. d3 Nc6 11. a3 d4 12. exd4 cxd4 13. Na2 Nh5 14. g3 e5 15. Nd2
Bb7 16. b4 a5 17. Bf3 Qd7 18. Rfe1 Rae8 19. Qd1 Nf6 20. b5 Nd8 21. a4 Re6 22.
Nc1 Rfe8 23. Ncb3 h5 24. c5 Bxf3 25. Qxf3 Ng4 26. Qd1 f5 27. Nc4 h4 28. Nxb6
Rxb6 29. cxb6 hxg3 30. hxg3 Ne6 31. Bc1 Bf6 32. f3 Ne3 33. Rxe3 dxe3 34. Bxe3
f4 35. Bf2 Qd5 36. Nd2 fxg3 37. Bxg3 e4 38. Rc1 Ng5 39. Nxe4 Rxe4 40. dxe4 Bd4+
41. Kg2 Qd7 42. Qb3+ Kf8 43. Rh1 Bxb6 44. Qd5 1-0

[Event "OL-NORD WEST 1617 SV Werder Bremen - Un"]
[Site "?"]
[Date "2017.02.19"]
[Round "6.2"]
[White "Krallmann, Matthias"]
[Black "Meessen, Max"]
[Result "1/2-1/2"]
[WhiteElo "2128"]
[BlackElo "2231"]
[PlyCount "53"]
[EventDate "2017.??.??"]

1. d4 Nf6 2. c4 e6 3. g3 d5 4. Nf3 dxc4 5. Bg2 Bb4+ 6. Bd2 a5 7. O-O O-O 8. e3
Qe7 9. Qe2 b5 10. a4 c6 11. Ne5 Bb7 12. axb5 Bxd2 13. bxc6 Nxc6 14. Nxc6 Bxc6
15. Bxc6 Rac8 16. Nxd2 Rxc6 17. Nxc4 Rfc8 18. b3 Qb4 19. Nxa5 Rc2 20. Qa6 h5
21. Qb7 Qxb7 22. Nxb7 Ne4 23. b4 Nd2 24. Rfd1 Ne4 25. Rf1 Nd2 26. Rfd1 Ne4 27.
Rf1 1/2-1/2

[Event "OL-NORD WEST 1617 SV Werder Bremen - Un"]
[Site "?"]
[Date "2017.02.19"]
[Round "6.3"]
[White "Mueer, Sebastian"]
[Black "Kardoeus, David"]
[Result "0-1"]
[WhiteElo "2269"]
[BlackElo "2150"]
[PlyCount "120"]
[EventDate "2017.??.??"]

1. e4 e5 2. Nf3 Nc6 3. d4 exd4 4. Nxd4 Nf6 5. Nxc6 bxc6 6. e5 Qe7 7. Qe2 Nd5 8.
c4 Ba6 9. Nd2 g6 10. Nf3 Qb4+ 11. Kd1 Bg7 12. Qd2 Qxd2+ 13. Bxd2 Nb6 14. Rc1 c5
15. Bd3 O-O 16. b3 Rfe8 17. Re1 d5 18. exd6 cxd6 19. Kc2 Bb7 20. Rxe8+ Rxe8 21.
Re1 Rxe1 22. Nxe1 d5 23. cxd5 Nxd5 24. a3 Bd4 25. f3 Ne3+ 26. Bxe3 Bxe3 27. Be4
Ba6 28. Bd3 Bb7 29. Be4 Ba6 30. Bd3 Bc8 31. Kc3 Kg7 32. Nc2 Bg1 33. h3 Kf6 34.
Kd2 Ke5 35. Ke2 h5 36. a4 h4 37. Bc4 f5 38. Na3 a6 39. Bf7 g5 40. Nc4+ Kd4 41.
Nb6 Bb7 42. Be6 Kc3 43. Bc4 Bh2 44. Nd5+ Kd4 45. Ne3 Ke5 46. Bd3 Bc8 47. Nc4+
Kd4 48. Ne3 Be6 49. Bxa6 Bxb3 50. Nxf5+ Kc3 51. Bb5 Bf4 52. Ne7 c4 53. a5 Kb4
54. a6 c3 55. Bd3 Bc4 56. a7 c2 57. a8=Q c1=Q 58. Qb7+ Kc3 59. Nd5+ Bxd5 60.
Qg7+ Kb3 0-1

[Event "OL-NORD WEST 1617 SV Werder Bremen - Un"]
[Site "?"]
[Date "2017.02.19"]
[Round "6.4"]
[White "Brinkmann, Fabian"]
[Black "Wittje, Berthold"]
[Result "1-0"]
[WhiteElo "2079"]
[BlackElo "2214"]
[PlyCount "85"]
[EventDate "2017.??.??"]

1. d4 Nf6 2. c4 e6 3. Nf3 Bb4+ 4. Nbd2 O-O 5. g3 b6 6. Bg2 Bb7 7. O-O d5 8. Qc2
Nbd7 9. a3 Be7 10. b4 dxc4 11. Nxc4 c5 12. dxc5 bxc5 13. b5 a6 14. bxa6 Rxa6
15. Bb2 Be4 16. Qc3 Nb6 17. Nxb6 Qxb6 18. Nd2 Bxg2 19. Kxg2 Rb8 20. Rab1 Qb7+
21. f3 Rb6 22. Ba1 Qa6 23. Rxb6 Rxb6 24. Nc4 Rb7 25. Rd1 h6 26. Rd2 Qa4 27. Rb2
Rxb2 28. Nxb2 Qa6 29. Nc4 Bf8 30. e4 Qb5 31. Qc2 Be7 32. a4 Qb4 33. Ne5 Bf8 34.
Bc3 Qb7 35. Qd3 Qb3 36. a5 Be7 37. Nc6 Kf8 38. Nxe7 Qa2+ 39. Qd2 Qxd2+ 40. Bxd2
Kxe7 41. a6 Nd7 42. Ba5 Kd6 43. a7 1-0

[Event "OL-NORD WEST 1617 SV Werder Bremen - Un"]
[Site "?"]
[Date "2017.02.19"]
[Round "6.5"]
[White "Heinemann, Ernst"]
[Black "Lai Hop, Duong"]
[Result "1/2-1/2"]
[WhiteElo "2114"]
[BlackElo "2178"]
[PlyCount "136"]
[EventDate "2017.??.??"]

1. e4 d5 2. exd5 Qxd5 3. Nc3 Qd6 4. Bc4 Nf6 5. d3 Bg4 6. Nge2 c6 7. f3 Bf5 8.
Ng3 Bg6 9. Qe2 e6 10. Nge4 Qd8 11. Nxf6+ Qxf6 12. Bd2 Bb4 13. h4 h5 14. O-O-O
Nd7 15. Kb1 Qe5 16. Ne4 Bxd2 17. Qxd2 Nb6 18. Bb3 O-O-O 19. Ng5 Nd5 20. Rhe1
Qg3 21. Bxd5 Rxd5 22. Rh1 Rhd8 23. Rh3 Qe5 24. Re1 Qf6 25. Ne4 Qd4 26. Rhh1 Rb5
27. Qc3 Kc7 28. Qxd4 Rxd4 29. Nc3 Rf5 30. Re3 Ra5 31. g3 e5 32. Rhe1 f6 33. Ne2
Rd7 34. b3 Kd8 35. f4 exf4 36. Nxf4 Bf7 37. Kb2 Rf5 38. R1e2 g5 39. Ng2 Bd5 40.
Ne1 gxh4 41. gxh4 Rf4 42. c4 Bf7 43. Ng2 Rg4 44. Kc3 Bg6 45. Rf2 Rg7 46. Nf4
Kd7 47. Ne6 Rf7 48. Nf4 Re7 49. Ref3 Rg7 50. Ne2 Rxh4 51. Rxf6 Ke7 52. R6f3 Rf7
53. Nf4 Bf5 54. Ng2 Rh2 55. Rxf5 Rxf5 56. Rxf5 Rxg2 57. Rxh5 Rxa2 58. Rh7+ Kd6
59. Rxb7 c5 60. Rh7 a5 61. Rh6+ Kc7 62. d4 cxd4+ 63. Kxd4 Rb2 64. Kc3 Ra2 65.
c5 Kb7 66. Kc4 Rb2 67. Rb6+ Ka7 68. Kd3 a4 1/2-1/2

[Event "OL-NORD WEST 1617 SV Werder Bremen - Un"]
[Site "?"]
[Date "2017.02.19"]
[Round "6.6"]
[White "Buescher, Andre"]
[Black "Schuette, Marc"]
[Result "0-1"]
[WhiteElo "2048"]
[BlackElo "2126"]
[PlyCount "90"]
[EventDate "2017.??.??"]

1. d4 d5 2. Nf3 c6 3. c4 Nf6 4. e3 e6 5. Nc3 Nbd7 6. Bd3 dxc4 7. Bxc4 b5 8. Bd3
Bb7 9. O-O a6 10. a4 b4 11. Ne2 c5 12. Ng3 Bd6 13. Qe2 O-O 14. Rd1 Qc7 15. Bd2
Rfc8 16. Rdc1 Qa5 17. e4 cxd4 18. Nxd4 Rxc1+ 19. Bxc1 e5 20. Ngf5 Bf8 21. Nb3
Qd8 22. Bg5 h6 23. Bh4 a5 24. f3 g6 25. Ne3 Qb6 26. Kh1 Nh5 27. Nc4 Qc7 28. Qc2
Nc5 29. Bf1 Nxb3 30. Qxb3 Bc5 31. Qc2 Nf4 32. Ne3 Rc8 33. Rc1 Qd6 34. Ng4 g5
35. Bf2 Bxf2 36. Qxc8+ Bxc8 37. Rxc8+ Kg7 38. Nxf2 Qd2 39. Kg1 Qxb2 40. g3 Ne2+
41. Kg2 b3 42. Rb8 Nd4 43. Rb7 Qc3 44. Nd3 Qc2+ 45. Nf2 Qc6 0-1

[Event "OL-NORD WEST 1617 SV Werder Bremen - Un"]
[Site "?"]
[Date "2017.02.19"]
[Round "6.7"]
[White "Buerckner, Hartmut"]
[Black "Schoetzig, Detlef"]
[Result "1/2-1/2"]
[WhiteElo "2163"]
[BlackElo "2114"]
[PlyCount "67"]
[EventDate "2017.??.??"]

1. c4 e5 2. a3 Nf6 3. d3 d5 4. cxd5 Nxd5 5. Nf3 Nc6 6. e3 Be7 7. Be2 O-O 8. O-O
Be6 9. Nbd2 f6 10. Qc2 Bf7 11. Rd1 Qd7 12. b4 a5 13. bxa5 Rxa5 14. Bb2 Rfa8 15.
d4 exd4 16. Nb3 dxe3 17. Nxa5 exf2+ 18. Kh1 Rxa5 19. Qd2 Rc5 20. Nd4 Nb6 21.
Nxc6 Qxc6 22. Bf3 Bd5 23. Qxf2 Bxf3 24. Qxf3 Qxf3 25. gxf3 Rc2 26. Bd4 Nc4 27.
Rd3 Bd6 28. Bg1 b6 29. a4 Kf7 30. h3 Be5 31. Bd4 Bxd4 32. Rxd4 Ne5 33. Rf1 Rc3
34. Kg2 {(=)} 1/2-1/2

[Event "OL-NORD WEST 1617 SV Werder Bremen - Un"]
[Site "?"]
[Date "2017.02.19"]
[Round "6.8"]
[White "Heinemann, Lars"]
[Black "Wagner, Jan"]
[Result "0-1"]
[WhiteElo "2023"]
[BlackElo "2112"]
[PlyCount "66"]
[EventDate "2017.??.??"]

1. Nc3 g6 2. e4 Bg7 3. d4 d6 4. Be3 c6 5. Qd2 Nd7 6. h4 h6 7. Nh3 b5 8. Bd3 Bb7
9. f4 b4 10. Ne2 c5 11. h5 gxh5 12. O-O-O Qa5 13. Kb1 Ngf6 14. e5 Nd5 15. dxc5
Nxc5 16. exd6 Nc3+ 17. Nxc3 bxc3 18. Qf2 Nxd3 19. d7+ Kd8 20. Rxd3 Be4 21. Rd4
Rb8 22. b3 Qa3 23. Bc1 Rxb3+ 24. axb3 Qxb3+ 25. Ka1 Bxc2 26. Rb4 Qxb4 27. Qxc2
Kxd7 28. Rd1+ Kc7 29. Rd5 Rb8 30. f5 Rb6 31. Bf4+ Kc8 32. Qa2 c2+ 33. Re5 Bxe5+
0-1

[Event "OL-NORD WEST 1617 SV Tempo Göttin. - Br"]
[Site "?"]
[Date "2017.02.19"]
[Round "6.1"]
[White "Zeitlein, Michael"]
[Black "Armbrust, Florian"]
[Result "1/2-1/2"]
[WhiteElo "2369"]
[BlackElo "2311"]
[PlyCount "36"]
[EventDate "2017.??.??"]

1. d4 Nf6 2. Nf3 g6 3. c4 Bg7 4. Nc3 d6 5. e4 O-O 6. Be2 e5 7. dxe5 dxe5 8.
Qxd8 Rxd8 9. Bg5 Re8 10. Nd5 Nxd5 11. cxd5 c6 12. Bc4 cxd5 13. Bxd5 Na6 14.
O-O-O Nc7 15. Bb3 Be6 16. Nd2 a5 17. Kb1 a4 18. Bxe6 Nxe6 1/2-1/2